000 00843caa a22002417a 4500
999 _c407975
_d407975
001 121996
003 UA-OsUOA
005 20200224162642.0
007 ta
008 20170407b un ||||| |||| 00| 0 ukr d
040 _aUA-OsUOA
_bukr
_cUA-OsUOA
_dUA-OsUOA
041 _aukr
080 _a908
090 _a908
_bМ17
100 _aМаксимович М.
245 _aКнигопечатание на Волыни: в Остроге
_cМ. Максимович
300 _aС. 303–307
650 7 _a908 Краєзнавство
_2UDC
773 0 _0314656
_9325228
_aМаксимович М. О.
_dК. Либідь 1994
_o80798
_tКиев явился градомъ Великимъ...
_w(UA-OsUOA) 28292
_z5-325-00534-0
942 _cBKA
_2udc
955 _a1